Top 15 Countries With Most Bean Production - Statistics

General Stats
  • This quiz has been taken 25 times
  • The average score is 10 of 15
Answer Stats
Hint Answer % Correct
2,890 Brazil
100%
6,406 India
100%
1,149 United States
96%
1,353 China
92%
1,174 Mexico
92%
457 Argentina
88%
335 Canada
67%
1,184 Tanzania
63%
799 Kenya
58%
4,776 Myanmar
58%
594 Ethiopia
54%
409 Cameroon
50%
943 Uganda
50%
457 Rwanda
29%
441 Kazakhstan
21%
No matching quizzes found
Score Distribution
Percent of People with Each Score
Percentile by Number Answered
Your Score History
You have not taken this quiz